Termodinámica
Tallennettuna:
| Päätekijät: | , |
|---|---|
| Aineistotyyppi: | Kirja |
| Kieli: | espanja |
| Julkaistu: |
Cuernavaca, México
McGraw-Hill
2015
|
| Painos: | Octava edición |
| Aiheet: | |
| Linkit: | Disponible Online |
| Tagit: |
Lisää tagi
Ei tageja, Lisää ensimmäinen tagi!
|
MARC
| LEADER | 00000cam a2200000 a 4500 | ||
|---|---|---|---|
| 001 | UCC4992 | ||
| 003 | CL-VaPUC | ||
| 005 | 20230404095107.0 | ||
| 008 | 180907e20150000mx |||||||||||||||||spa|d | ||
| 999 | |c 372372 |d 372370 | ||
| 020 | |a 9786071512819 | ||
| 040 | |c Pontificia Universidad Católica de Valparaíso | ||
| 082 | 0 | 4 | |a 536.7 CEN 2015 |2 21 |
| 100 | 0 | |a Cengel, Yunus A |e author |9 599317 | |
| 245 | 1 | 0 | |a Termodinámica |
| 250 | |a Octava edición | ||
| 260 | |a Cuernavaca, México |b McGraw-Hill |c 2015 | ||
| 300 | |a 997 páginas | ||
| 583 | |a last modification |c 20180907 13:03:00 |k Rodrigo Vera | ||
| 650 | 0 | |a Termodinámica |9 259320 | |
| 650 | 0 | |a Transferencia de energía |9 264273 | |
| 650 | 0 | |a Entropía |9 262675 | |
| 650 | 0 | |a Reacciones químicas |9 259438 | |
| 700 | 0 | |a Boles, Michael A |e author |9 599318 | |
| 852 | |a BIBCUR | ||
| 856 | |u http://bibliografiaobligatoria.pucv.cl.pucv.idm.oclc.org/index.php/bibliotecapucv/catalog/book/5 |y Disponible Online | ||
| 942 | |c BK |2 ddc | ||
| 945 | |d 20180907 13:03:00 |a dcastane | ||
| 952 | |0 0 |1 0 |2 ddc |3 erb |4 0 |6 536_700000000000000_CEN_2015 |7 0 |8 A |9 490001 |a BIBING |b BIBING |c RES |i 5500567 |l 1 |o 536.7 CEN 2015 |p 5500567 |r 2025-01-20 |s 2022-11-07 |w 2019-11-24 |y BK |z Catalogado en:20180907 |k EIB | ||
| 952 | |0 0 |1 0 |2 ddc |3 erb |4 0 |6 536_700000000000000_CEN_2015 |7 0 |8 A |9 490002 |a BIBING |b BIBING |c RES |i 5500575 |o 536.7 CEN 2015 |p 5500575 |r 2025-01-20 |w 2019-11-24 |y BK |z Catalogado en:20180907 |k EIB | ||
| 952 | |0 0 |1 0 |2 ddc |3 erb |4 0 |6 536_700000000000000_CEN_2015 |7 0 |8 A |9 490003 |a BIBING |b BIBING |c RES |i 5500583 |l 2 |o 536.7 CEN 2015 |p 5500583 |r 2025-01-20 |s 2023-06-09 |w 2019-11-24 |y BK |z Catalogado en:20180907 |k EIB | ||
| 952 | |0 0 |1 0 |2 ddc |3 erb |4 0 |6 536_700000000000000_CEN_2015 |7 0 |8 A |9 490004 |a BIBING |b BIBING |c RES |i 5500591 |l 3 |o 536.7 CEN 2015 |p 5500591 |r 2025-01-20 |s 2024-08-13 |w 2019-11-24 |y BK |z Catalogado en:20180907 |k EIB | ||
| 952 | |0 0 |1 0 |2 ddc |3 erb |4 0 |6 536_700000000000000_CEN_2015 |7 0 |8 A |9 490005 |a BIBING |b BIBING |c RES |i 5500605 |l 3 |o 536.7 CEN 2015 |p 5500605 |r 2025-03-19 |s 2025-03-19 |w 2019-11-24 |y BK |z Catalogado en:20180907 |k EIB | ||
| 952 | |0 0 |1 0 |2 ddc |3 erb |4 0 |6 536_700000000000000_CEN_2015 |7 0 |8 A |9 490006 |a BIBING |b BIBING |c RES |i 5500532 |l 4 |o 536.7 CEN 2015 |p 5500532 |r 2025-01-20 |s 2022-11-03 |w 2019-11-24 |y BK |z Catalogado en:20180907 |k EIB | ||
| 952 | |0 0 |1 0 |2 ddc |3 erb |4 0 |6 536_700000000000000_CEN_2015 |7 0 |8 A |9 490007 |a BIBING |b BIBING |c RES |i 5500540 |l 7 |o 536.7 CEN 2015 |p 5500540 |q 2024-12-13 |r 2024-07-31 |s 2024-07-31 |w 2019-11-24 |y BK |z Catalogado en:20180907 |k EIB | ||
| 952 | |0 0 |1 0 |2 ddc |3 erb |4 0 |6 536_700000000000000_CEN_2015 |7 0 |8 A |9 490008 |a BIBING |b BIBING |c RES |i 5500559 |l 2 |o 536.7 CEN 2015 |p 5500559 |r 2025-01-20 |s 2022-10-04 |w 2019-11-24 |y BK |z Catalogado en:20180907 |k EIB | ||